|
|
|
|
| LEADER |
00000naa a2200000uu 4500 |
| 001 |
vtls011084895 |
| 003 |
SK-MaSNL |
| 005 |
20260302105050.0 |
| 008 |
210905|1996 xo |||||||||||||||||eng| |
| 015 |
|
|
|a SNBRA
|
| 035 |
|
|
|a (urnnbn)urn:nbn:sk:snk:ar-a0cll4
|
| 035 |
|
|
|a (uuid)03773741-0a46-42d6-b56f-0c25c60b349e
|
| 035 |
|
|
|a urn:nbn:sk:snk-aavrh6
|
| 040 |
|
|
|a SNKBUCL
|b slo
|c SNKBUCL
|e AACR2
|
| 041 |
0 |
|
|a eng
|
| 044 |
|
|
|a xo
|c SK
|
| 100 |
1 |
|
|a Nebola, Mojmír
|4 aut
|9 13137
|
| 245 |
1 |
0 |
|a FREQUENCIES OF KAPPA-CN ALLELES IN VARIOUS CATTLE BREEDS
|c Mojmír NEBOLA, Josef DVOŘÁK
|
| 700 |
1 |
|
|a Dvořák, Josef
|4 aut
|9 284991
|
| 773 |
0 |
|
|t Zborník z medzinárodnej vedeckej konferencie "Agronomická fakulta a vývoj poľnohospodárstva na Slovensku"
|d Nitra : Vysoká škola poľnohospodárska, 1996
|g S. 33
|z 807137279X
|
| 958 |
|
|
|a OND
|
| 958 |
|
|
|a article12
|
| 958 |
|
|
|a chapter
|
| 999 |
|
|
|c 1237280
|d 1239210
|